• 首页
  • 本馆介绍
  • 公告通知
  • 最新文献
  • 馆藏检索
  • 电子资源
  • 读者导购
  • 参考咨询
  • 我的图书馆
  • 登录
  • 详细信息显示
  • 放入我的书架
  • 预约/预借图书
  • 作者相关作品
  • 分类相关作品
  • 丛书相关作品
  • 出版社相关作品

书目信息

  • 表格格式
  • 工作单格式
  • 卡片格式
题名:
古典目录学浅说
    
 
作者: 来新夏 著
分册:  
出版信息: 北京   中华书局  1981
页数: 240页
开本: 19cm
丛书名: 中华史学丛书
单 册:
中图分类: G257 , G257.3
科图分类:
主题词: 目录学--研究--中国--古代 , 图书馆学 , 图书馆事业
电子资源:
ISBN:
000 00754nam2 2200289 45
001 0181007707
005 20060818171526.62
010    @dCNY0.74
091    @a11018.982
100    @a19950530d1981 em y0chiy0121 ea
101 0  @achi
102    @aCN@b110000
105    @ay z 000yy
200 10 @a古典目录学浅说@Agu dian mu lu xue qian shuo@f来新夏著
210    @a北京@c中华书局@d1981
215    @a240页@d19cm
225 2  @a中华史学丛书
410  0 @120010@a中华史学丛书
606    @a目录学@x研究@y中国@z古代
606 0  @a图书馆学
606 0  @a图书馆事业
690    @aG257@v3
690    @aG257.3
701  0 @a来新夏@Alai xin xia@4著
801  0 @aCN@b上海图书馆@c20060818
801  2 @aCN@bNLC@c20060802
905    @f2@b64069-070@dG257.3@e6
    
    古典目录学浅说/来新夏著.-北京:中华书局,1981
    240页;19cm.-(中华史学丛书)
    
    
    ISBN :CNY0.74
    
●
相关链接 在E读中查询图书 在五车中查询图书 在当当中查询图书 在豆瓣中查询图书


正题名:古典目录学浅说     索取号:G257.3/6         预约/预借

序号 登录号 条形码 馆藏地/架位号 状态 备注
1 0064069   001650001   密集书库/ [索取号:G257.3/6] 在馆    
2 0064070   000215804   第四借阅区/ [索取号:G257.3/6] 在馆    
3 0441916   204419165   密集书库/ [索取号:G257.3/6] 在馆    
4 0469292   204692920   密集书库/ [索取号:G257.3/6] 在馆    
欢迎您!
大连网信软件有限公司© 版权所有